| 000 | 00610nam a2200193Ia 4500 | ||
|---|---|---|---|
| 008 | 151121s9999||||xx |||||||||||||| ||und|| | ||
| 082 | _a812/गोखले | ||
| 082 | _bHNW-46941 | ||
| 100 | _aगोखले विद्याधर | ||
| 245 | _aबावनखणी | ||
| 260 | _b"मॅजेस्टिक बुक स्टॉल, मुंबई।" | ||
| 260 | _c-- | ||
| 300 | _a71 | ||
| 600 | _aगोखले विद्याधर | ||
| 630 | _aबावनखणी | ||
| 700 | _aगोखले विद्याधर | ||
| 730 | _aबावनखणी | ||
| 942 | _cBOOK | ||
| 999 |
_c1233261 _d1233258 |
||